5 Countries with the Highest Average IQs by Continent - Statistics

General Stats
  • This quiz has been taken 101 times
  • The average score is 18 of 30
Answer Stats
Hint Answer % Correct
North America Canada
96%
Oceania Australia
91%
Asia Japan
89%
Asia China
88%
Oceania New Zealand
88%
North America United States of America
87%
South America Argentina
85%
North America Mexico
84%
South America Chile
82%
Asia South Korea
78%
South America Uruguay
76%
Europe Italy
67%
Europe Switzerland
67%
Asia Singapore
65%
Asia Taiwan
63%
North America Cuba
62%
Africa Morocco
60%
South America Bolivia
59%
South America Ecuador
59%
Europe Iceland
57%
Oceania Tonga
54%
Europe Austria
53%
Oceania Samoa
50%
Europe Luxembourg
45%
Oceania Nauru
37%
Africa Seychelles
28%
North America Trinidad and Tobago
26%
Africa Mauritius
24%
Africa Eritrea
12%
Africa Sierra Leone
12%
No matching quizzes found
Score Distribution
Percent of People with Each Score
Percentile by Number Answered
Your Score History
You have not taken this quiz